[Event "World Open 2014"]
[Site "Arlington, VA"]
[Date "2014.07.03"]
[Round "2"]
[White "Yuvarajan, Prathiba"]
[Black "Milman, Lev"]
[Result "0-1"]
[WhiteElo "2194"]
[BlackElo "2441"]
[PlyCount "80"]
[EventDate "2014.07.??"]
[EventType "swiss"]
[EventRounds "9"]
[EventCountry "USA"]

1. e4 c5 2. Nf3 d6 3. d4 cxd4 4. Nxd4 Nf6 5. Nc3 a6 6. Bg5 Nbd7 7. f4 e5 8. Nf5
Qb6 9. Qf3 Qxb2 10. Rb1 Qxc2 11. Rd1 h6 12. Bxf6 Nxf6 13. Bc4 Bxf5 14. exf5 e4
15. Qg3 Rc8 16. Rd2 Qc1+ 17. Ke2 Qxh1 18. Rd1 Qxd1+ 19. Nxd1 Rxc4 20. Qb3 b5
21. Ne3 Rc5 22. Qa3 Rc6 23. Qb3 Be7 24. g4 Rc5 25. Qa3 O-O 26. Qxa6 Re8 27. a4
d5 28. g5 Nh5 29. f6 gxf6 30. Nf5 Nxf4+ 31. Kd2 hxg5 32. axb5 d4 33. Nxd4 Rd8
34. Ke3 Rc3+ 35. Kxe4 Rc4 36. b6 Rdxd4+ 37. Kf3 Rd3+ 38. Kg4 f5+ 39. Kxf5 Rd5+
40. Kg4 f5+ 0-1

[Event "World Open 2014"]
[Site "Arlington, VA"]
[Date "2014.07.03"]
[Round "2"]
[White "Shen, Arthur"]
[Black "Balakrishnan, Praveen"]
[Result "1-0"]
[WhiteElo "2331"]
[BlackElo "2151"]
[PlyCount "129"]
[EventDate "2014.07.??"]
[EventType "swiss"]
[EventRounds "9"]
[EventCountry "USA"]

1. c4 Nf6 2. Nf3 e6 3. Nc3 d5 4. d4 Bb4 5. cxd5 exd5 6. Bg5 O-O 7. e3 h6 8. Bh4
Nbd7 9. Bd3 Re8 10. O-O c6 11. Qc2 Be7 12. Rab1 a5 13. a3 Ne4 14. Bxe7 Qxe7 15.
b4 axb4 16. axb4 b5 17. Bxe4 dxe4 18. Nd2 f5 19. d5 Bb7 20. Ncxe4 cxd5 21. Nc3
Rec8 22. Qb3 Nb6 23. Rfd1 Bc6 24. Nf3 Nc4 25. Ra1 Rxa1 26. Rxa1 f4 27. exf4 Qf6
28. Rd1 Re8 29. h3 Qxf4 30. Qc2 Na3 31. Qg6 Qf6 32. Qxf6 gxf6 33. Nd4 Bb7 34.
Ndxb5 Nxb5 35. Nxb5 Rb8 36. Nd4 Bc8 37. Nc6 Rb7 38. Rxd5 Bd7 39. Nd4 Kf7 40. b5
Be8 41. Kh2 Ke7 42. Nc6+ Ke6 43. Rd3 Rb6 44. Re3+ Kf7 45. Re7+ Kf8 46. Re6 Rxb5
47. Rxf6+ Kg7 48. Re6 Bf7 49. Re3 Rb2 50. Kg3 Rb3 51. Rxb3 Bxb3 52. Nd4 Bd5 53.
Nf3 Kg6 54. Kf4 Kf6 55. g4 Bb7 56. h4 Kg6 57. Nd4 Bc8 58. Nf5 Be6 59. Ke5 Bd7
60. Ne3 Bc6 61. f4 Bd7 62. f5+ Kf7 63. f6 Bb5 64. Nf5 Kg6 65. h5+ 1-0

[Event "World Open 2014"]
[Site "Arlington, VA"]
[Date "2014.07.03"]
[Round "3.2"]
[White "Smirin, Ilya"]
[Black "Liang, Awonder"]
[Result "1-0"]
[WhiteElo "2647"]
[BlackElo "2223"]
[PlyCount "77"]
[EventDate "2014.07.??"]
[EventType "swiss"]
[EventRounds "9"]
[EventCountry "USA"]
[WhiteClock "0:13:18"]
[BlackClock "0:14:40"]

1. e4 c5 2. Nf3 d6 3. d4 cxd4 4. Nxd4 Nf6 5. Nc3 a6 6. f4 e5 7. Nf3 Nbd7 8. a4
Be7 9. Bc4 O-O 10. Qe2 Qc7 11. O-O exf4 12. Bxf4 Ne5 13. Bb3 Be6 14. Kh1 Nxf3
15. Qxf3 Rac8 16. Be3 Qd7 17. Bd4 Bxb3 18. cxb3 Qe6 19. Rad1 Rfe8 20. b4 Nd7
21. Nd5 Bf8 22. b5 axb5 23. axb5 Ne5 24. Qg3 Ng6 25. Rde1 h5 26. b6 h4 27. Qf2
h3 28. gxh3 Qd7 29. h4 Ne5 30. h5 Re6 31. Qg3 Kh8 32. Nc7 Rh6 33. Rf5 Qc6 34.
Nd5 Qc2 35. Rf2 Qc6 36. Bxe5 dxe5 37. Rxf7 Rxh5 38. Ref1 Qc5 39. Qf3 1-0

[Event "World Open 2014"]
[Site "Arlington, VA"]
[Date "2014.07.03"]
[Round "3.3"]
[White "Bodek, Michael"]
[Black "Nyzhnyk, Illia"]
[Result "1/2-1/2"]
[WhiteElo "2389"]
[BlackElo "2628"]
[PlyCount "34"]
[EventDate "2014.07.??"]
[EventType "swiss"]
[EventRounds "9"]
[EventCountry "USA"]
[WhiteClock "1:31:44"]
[BlackClock "1:18:32"]

1. e4 c5 2. Nf3 Nc6 3. Nc3 e6 4. d4 cxd4 5. Nxd4 Qc7 6. g3 a6 7. Bg2 Nf6 8. O-O
Be7 9. Re1 d6 10. Nxc6 bxc6 11. e5 dxe5 12. Rxe5 O-O 13. Bf4 Qb7 14. Na4 Rd8
15. Qf3 Nd5 16. Bd2 Nb4 17. Bc3 Nxc2 1/2-1/2

[Event "World Open 2014"]
[Site "Arlington, VA"]
[Date "2014.07.03"]
[Round "3"]
[White "Gareyev, Timur"]
[Black "Cheng, Bindi"]
[Result "1/2-1/2"]
[WhiteElo "2640"]
[BlackElo "2410"]
[PlyCount "47"]
[EventDate "2014.07.??"]
[EventType "swiss"]
[EventRounds "9"]
[EventCountry "USA"]

1. d4 Nf6 2. c4 c5 3. d5 e6 4. Nc3 exd5 5. cxd5 d6 6. e4 g6 7. f4 Bg7 8. Bb5+
Nfd7 9. Bd3 Qh4+ 10. g3 Qd8 11. Nf3 O-O 12. O-O Nb6 13. f5 N8d7 14. Bg5 Bf6 15.
Bh6 Re8 16. Qd2 Ne5 17. Nxe5 Bxe5 18. Bg5 f6 19. Be3 Kh8 20. g4 Bd7 21. Kh1 Rg8
22. Rg1 gxf5 23. gxf5 Qe7 24. Raf1 1/2-1/2

[Event "World Open 2014"]
[Site "Arlington, VA"]
[Date "2014.07.03"]
[Round "3"]
[White "Holt, Conrad"]
[Black "Schut, Lisa"]
[Result "1-0"]
[WhiteElo "2554"]
[BlackElo "2321"]
[PlyCount "55"]
[EventDate "2014.07.??"]
[EventType "swiss"]
[EventRounds "9"]
[EventCountry "USA"]

1. d4 Nf6 2. c4 g6 3. Nc3 d5 4. Nf3 Bg7 5. Qb3 dxc4 6. Qxc4 O-O 7. e4 a6 8. e5
b5 9. Qb3 Nfd7 10. Ng5 Nb6 11. Be3 Nc6 12. Rd1 Na5 13. Qb4 Nac4 14. Bc1 f6 15.
Nge4 Be6 16. Be2 Nd5 17. Qc5 Ncb6 18. O-O b4 19. Nxd5 Bxd5 20. Qc2 fxe5 21.
dxe5 Bxe5 22. Bg4 Kh8 23. Bh6 e6 24. f4 Bg7 25. Bxg7+ Kxg7 26. Qc5 Qh4 27.
Qxc7+ Kh6 28. Ng5 1-0

[Event "World Open 2014"]
[Site "Arlington, VA"]
[Date "2014.07.03"]
[Round "3"]
[White "Young, Angelo"]
[Black "Shabalov, Alexander"]
[Result "0-1"]
[WhiteElo "2316"]
[BlackElo "2501"]
[PlyCount "94"]
[EventDate "2014.07.??"]
[EventType "swiss"]
[EventRounds "9"]
[EventCountry "USA"]

1. d4 Nf6 2. Nf3 g6 3. Bf4 Bg7 4. e3 O-O 5. Be2 c5 6. c3 b6 7. O-O Bb7 8. h3 d6
9. Nbd2 Nbd7 10. Bg3 Qc7 11. a4 a6 12. Qb3 Bc6 13. Rfe1 Qb7 14. c4 cxd4 15.
exd4 d5 16. Ne5 dxc4 17. Bxc4 Nxe5 18. dxe5 Nh5 19. Bf1 Bd5 20. Qe3 Nxg3 21.
Qxg3 Rac8 22. b3 Rfd8 23. Nc4 b5 24. Na5 Qb8 25. axb5 axb5 26. Rad1 e6 27. b4
Bf8 28. Qh4 Rc7 29. Rd4 Be7 30. Qg3 Rdc8 31. Qf4 Rc2 32. h4 Qb6 33. g3 R8c3 34.
Bg2 Rxg3 35. Rxd5 Rxg2+ 36. Kxg2 exd5 37. Re3 f5 38. exf6 Qxf6 39. Qb8+ Kg7 40.
Rf3 Qe6 41. Qf4 Bd6 42. Re3 Qf6 43. Qxf6+ Kxf6 44. Rb3 d4 45. Nb7 Be7 46. h5 g5
47. Kf3 Rc3+ 0-1

[Event "World Open 2014"]
[Site "Arlington, VA"]
[Date "2014.07.03"]
[Round "3"]
[White "Shetty, Atulya"]
[Black "Kekelidze, Mikheil"]
[Result "1-0"]
[WhiteElo "2302"]
[BlackElo "2478"]
[PlyCount "115"]
[EventDate "2014.07.??"]
[EventType "swiss"]
[EventRounds "9"]
[EventCountry "USA"]

1. c4 g6 2. g3 Bg7 3. Bg2 c5 4. Nc3 Nc6 5. Nf3 d6 6. O-O e6 7. e3 Nge7 8. d4
O-O 9. b3 Nf5 10. Ne2 b6 11. Bb2 Bb7 12. Qd2 Qe7 13. e4 Nfxd4 14. Nfxd4 cxd4
15. Nxd4 Nxd4 16. Bxd4 Bxd4 17. Qxd4 Rad8 18. Rad1 Bc6 19. Rd2 e5 20. Qe3 f5
21. exf5 Bxg2 22. Kxg2 Rxf5 23. Rfd1 Rf6 24. Rd5 Rdf8 25. R1d2 R8f7 26. b4 Kg7
27. Kg1 Qf8 28. c5 bxc5 29. bxc5 dxc5 30. Rxc5 Qb8 31. Qxe5 Qxe5 32. Rxe5 Ra6
33. Kg2 h5 34. h4 Rf5 35. Re8 Rf8 36. Re4 Ra3 37. Re6 Raf3 38. Rd7+ R8f7 39.
Rxf7+ Rxf7 40. a4 Rc7 41. a5 Kh6 42. a6 Rd7 43. Kf3 Rd3+ 44. Ke4 Ra3 45. Rc6
Ra5 46. Rd6 Ra3 47. Re6 Ra4+ 48. Kd5 Ra5+ 49. Kc4 Ra3 50. Kb5 Rf3 51. Kc6 Rxf2
52. Kb7 Rf7+ 53. Kb8 Kg7 54. Rc6 g5 55. Rc7 Rxc7 56. Kxc7 gxh4 57. gxh4 Kf6 58.
Kb7 1-0

[Event "World Open 2014"]
[Site "Arlington, VA"]
[Date "2014.07.03"]
[Round "3"]
[White "Milman, Lev"]
[Black "Gulamali, Kazim"]
[Result "1-0"]
[WhiteElo "2441"]
[BlackElo "2300"]
[PlyCount "59"]
[EventDate "2014.07.??"]
[EventType "swiss"]
[EventRounds "9"]
[EventCountry "USA"]

1. d4 g6 2. e4 d6 3. Nc3 Bg7 4. Be3 a6 5. Qd2 b5 6. f3 Nd7 7. O-O-O Bb7 8. h4
h5 9. Nh3 Rc8 10. Ng5 c5 11. dxc5 Nxc5 12. Bd4 Nf6 13. Kb1 O-O 14. g3 e5 15.
Be3 b4 16. Nd5 Bxd5 17. exd5 Na4 18. Bxa6 Qa5 19. Qe2 Nxd5 20. Rxd5 Qxd5 21.
Rd1 Qa5 22. Bxc8 Rxc8 23. Rxd6 Nxb2 24. Ra6 Qc7 25. Ra7 Qc3 26. Ne4 Nd1 27.
Qxd1 Qxe3 28. Rxf7 Bh6 29. Rd7 Rf8 30. Qd5+ 1-0

[Event "World Open 2014"]
[Site "Arlington, VA"]
[Date "2014.07.03"]
[Round "3"]
[White "Mulyar, Michael"]
[Black "Cooke, Eric"]
[Result "1/2-1/2"]
[WhiteElo "2430"]
[BlackElo "2151"]
[PlyCount "133"]
[EventDate "2014.07.??"]
[EventType "swiss"]
[EventRounds "9"]
[EventCountry "USA"]

1. d4 Nf6 2. Nf3 d5 3. c4 e6 4. g3 Be7 5. Bg2 dxc4 6. O-O O-O 7. Qa4 Bd7 8.
Qxc4 Bc6 9. Nc3 Nbd7 10. Rd1 Qc8 11. Qd3 Bb4 12. Bd2 Bxc3 13. Bxc3 Be4 14. Qd2
c6 15. b3 Rd8 16. Rac1 h6 17. Bb2 Qc7 18. Qe3 Qb6 19. Bh3 Qa5 20. a3 Qh5 21.
Bg2 Qd5 22. h3 a5 23. Rd2 Ra6 24. a4 Raa8 25. Ba3 Rab8 26. Be7 Re8 27. Bxf6
Nxf6 28. Rc5 Qd8 29. Ne5 Bxg2 30. Kxg2 Ra8 31. Qf3 Rf8 32. Rd1 Nd7 33. Nxd7
Qxd7 34. Qc3 Qd8 35. e4 Re8 36. Rd2 Re7 37. d5 cxd5 38. exd5 Rd7 39. Qf3 Rxd5
40. Rdxd5 exd5 41. Rxd5 Qc7 42. Rb5 Rb8 43. h4 b6 44. Qe3 Qc6+ 45. Kh2 Qd6 46.
h5 Qc6 47. Qd4 Kh8 48. Qd5 Qf6 49. Qf5 Qxf5 50. Rxf5 Rc8 51. Kg2 Kg8 52. Rb5
Rc6 53. g4 Kf8 54. Kg3 Ke7 55. f4 f6 56. Kf3 Re6 57. b4 axb4 58. Rxb4 Kd7 59.
a5 bxa5 60. Rb7+ Kc6 61. Rxg7 a4 62. Ra7 Kb5 63. g5 fxg5 64. fxg5 hxg5 65. Kg4
Kb4 66. Kxg5 a3 67. h6 1/2-1/2

[Event "World Open 2014"]
[Site "Arlington, VA"]
[Date "2014.07.03"]
[Round "3"]
[White "Wheeler, Cameron"]
[Black "Mandizha, Farai"]
[Result "1/2-1/2"]
[WhiteElo "2242"]
[BlackElo "2385"]
[PlyCount "87"]
[EventDate "2014.07.??"]
[EventType "swiss"]
[EventRounds "9"]
[EventCountry "USA"]

1. c4 g6 2. g3 Bg7 3. Bg2 c5 4. Nc3 Nc6 5. Nf3 e6 6. O-O Nge7 7. d3 d5 8. cxd5
exd5 9. Bd2 O-O 10. Qc1 Re8 11. a3 Bg4 12. Bg5 Qd7 13. Bh6 Bh8 14. Qf4 Nd4 15.
Nxd4 cxd4 16. Nb5 Bxe2 17. Nc7 Bxf1 18. Rxf1 Nf5 19. Nxa8 Be5 20. Qg4 Qb5 21.
Bf4 h5 22. Qf3 Bxf4 23. Qxf4 Rxa8 24. h3 Rd8 25. g4 hxg4 26. hxg4 Ng7 27. Qxd4
Ne6 28. Qf6 Qxd3 29. Re1 Rd6 30. Qe5 Rd7 31. Qb8+ Kg7 32. Qe5+ Kg8 33. Qb8+ Rd8
34. Qxb7 Qd2 35. Re3 Qd1+ 36. Bf1 Qxg4+ 37. Rg3 Qd4 38. Qe7 Rf8 39. b4 Kg7 40.
Bd3 Nf4 41. Bxg6 Nxg6 42. Rxg6+ Kxg6 43. Qxf8 f5 44. Qe8+ 1/2-1/2

[Event "World Open 2014"]
[Site "Arlington, VA"]
[Date "2014.07.03"]
[Round "3"]
[White "Shimanov, Alex"]
[Black "Chan, James"]
[Result "1-0"]
[WhiteElo "2644"]
[BlackElo "2023"]
[PlyCount "79"]
[EventDate "2014.07.??"]
[EventType "swiss"]
[EventRounds "9"]
[EventCountry "USA"]

1. d4 d5 2. c4 c6 3. Nf3 Nf6 4. Nc3 a6 5. g3 g6 6. Bg2 Bg7 7. O-O O-O 8. b3 b5
9. Ne5 e6 10. e4 Bb7 11. Bg5 Qa5 12. Qd2 b4 13. Bxf6 Bxf6 14. Ng4 Bg7 15. Na4
dxc4 16. Nc5 Ra7 17. bxc4 Rd8 18. Nb3 Qb6 19. c5 Qc7 20. Qxb4 a5 21. Qb6 Ba6
22. Rfc1 a4 23. Na5 Bb5 24. Qxc7 Rxc7 25. Rab1 Bxd4 26. Bf1 Bxf1 27. Kxf1 f5
28. exf5 gxf5 29. Ne3 Nd7 30. Rc4 Ne5 31. Rc2 Bxe3 32. fxe3 Rd3 33. Ke2 Rcd7
34. Rb6 Rc7 35. Nxc6 Rd5 36. Nxe5 Rxe5 37. c6 Ra5 38. Rb7 Rc8 39. c7 Raa8 40.
Rcb2 1-0

[Event "World Open 2014"]
[Site "Arlington, VA"]
[Date "2014.07.03"]
[Round "3"]
[White "Schut, Han"]
[Black "Paragua, Mark"]
[Result "0-1"]
[WhiteElo "2153"]
[BlackElo "2506"]
[PlyCount "84"]
[EventDate "2014.07.??"]
[EventType "swiss"]
[EventRounds "9"]
[EventCountry "USA"]

1. e4 c5 2. Nf3 e6 3. c4 d6 4. Nc3 Qc7 5. Be2 Nc6 6. O-O Nge7 7. d4 cxd4 8.
Nxd4 Nxd4 9. Qxd4 Nc6 10. Qe3 Be7 11. b3 Bf6 12. Bb2 a6 13. Rfd1 O-O 14. Rac1
Qa5 15. Rxd6 Bg5 16. f4 Be7 17. e5 Bxd6 18. exd6 Bd7 19. Ne4 f6 20. Bc3 Qd8 21.
Bd3 e5 22. fxe5 Nxe5 23. Bxe5 fxe5 24. c5 h6 25. Re1 Bc6 26. b4 Rf4 27. Bc2 Qd7
28. Ng3 Raf8 29. Qxe5 Rf2 30. Be4 Bxe4 31. Nxe4 Qf7 32. h3 Rxa2 33. d7 Qxd7 34.
Nd6 Rff2 35. Qd5+ Kh7 36. Re8 Rxg2+ 37. Kf1 Rgf2+ 38. Ke1 Rf1+ 39. Kxf1 Qxh3+
40. Ke1 Qh4+ 41. Kd1 Qg4+ 42. Kc1 Qg1+ 0-1

[Event "World Open 2014"]
[Site "Arlington, VA"]
[Date "2014.07.03"]
[Round "3"]
[White "Song, Michael"]
[Black "Kaufman, Lawrence"]
[Result "1/2-1/2"]
[WhiteElo "2271"]
[BlackElo "2329"]
[PlyCount "59"]
[EventDate "2014.07.??"]
[EventType "swiss"]
[EventRounds "9"]
[EventCountry "USA"]

1. e4 e5 2. f4 d5 3. exd5 exf4 4. Nf3 Nf6 5. Bb5+ c6 6. dxc6 Nxc6 7. d4 Bd6 8.
O-O O-O 9. c3 Ne7 10. Bd3 Bf5 11. Re1 Qd7 12. Na3 Bxa3 13. bxa3 Bxd3 14. Qxd3
Ng6 15. c4 Rac8 16. Bd2 Rfd8 17. Rac1 Ng4 18. d5 b6 19. h3 Nf6 20. Nd4 Re8 21.
Rxe8+ Rxe8 22. Nc6 Ne4 23. Re1 f5 24. Bc3 Nxc3 25. Qxc3 Re4 26. Rd1 Re3 27. Qd4
Re4 28. Qc3 Re3 29. Qd4 Re4 30. Qc3 1/2-1/2

[Event "World Open 2014"]
[Site "Arlington, VA"]
[Date "2014.07.03"]
[Round "3"]
[White "Balakrishnan, Praveen"]
[Black "Nieto, Manuel"]
[Result "0-1"]
[WhiteElo "2151"]
[BlackElo "2076"]
[PlyCount "66"]
[EventDate "2014.07.??"]
[EventType "swiss"]
[EventRounds "9"]
[EventCountry "USA"]

1. e4 c5 2. Nf3 Nc6 3. Bb5 g6 4. Bxc6 bxc6 5. O-O Bg7 6. d3 Nf6 7. Nbd2 O-O 8.
Re1 d6 9. e5 Nd5 10. exd6 exd6 11. c4 Nc7 12. Ne4 Ne6 13. Rb1 d5 14. Ng3 Qa5
15. a4 Rd8 16. Bd2 Qc7 17. Qc2 Ba6 18. Bc3 dxc4 19. dxc4 Nd4 20. Bxd4 cxd4 21.
c5 Re8 22. Ne4 Qf4 23. Nd6 d3 24. Qb3 Reb8 25. Qa3 Qb4 26. Qxb4 Rxb4 27. b3
Rab8 28. Nd2 Bh6 29. N2e4 d2 30. Nf6+ Kg7 31. Nde8+ Kh8 32. Re7 Rxb3 33. Rf1
Rb1 0-1

[Event "World Open 2014"]
[Site "Arlington, VA"]
[Date "2014.07.04"]
[Round "4.1"]
[White "Stripunsky, Alexander"]
[Black "Smirin, Ilya"]
[Result "1/2-1/2"]
[WhiteElo "2550"]
[BlackElo "2647"]
[PlyCount "54"]
[EventDate "2014.07.??"]
[EventType "swiss"]
[EventRounds "9"]
[EventCountry "USA"]
[WhiteClock "0:12:12"]
[BlackClock "0:43:43"]

1. e4 c5 2. c3 Nf6 3. e5 Nd5 4. Nf3 e6 5. Bc4 d6 6. d4 cxd4 7. cxd4 Nc6 8. O-O
Be7 9. exd6 Qxd6 10. Nc3 O-O 11. Re1 Bd7 12. a3 Nxc3 13. bxc3 Rac8 14. Qd3 Qc7
15. Ba2 Qa5 16. Rb1 b6 17. Rb5 Qa6 18. Bc4 g6 19. Rb1 Qa5 20. Ba6 Rcd8 21. Bh6
Rfe8 22. Bf4 e5 23. Nxe5 Nxe5 24. Rxe5 Qxa3 25. Bc4 Bd6 26. Qf3 Be6 27. Bxe6
fxe6 1/2-1/2

[Event "World Open 2014"]
[Site "Arlington, VA"]
[Date "2014.07.04"]
[Round "4.3"]
[White "Shulman, Yury"]
[Black "Laznicka, Viktor"]
[Result "0-1"]
[WhiteElo "2568"]
[BlackElo "2679"]
[PlyCount "66"]
[EventDate "2014.07.??"]
[EventType "swiss"]
[EventRounds "9"]
[EventCountry "USA"]
[WhiteClock "0:01:51"]
[BlackClock "0:08:33"]

1. c4 f5 2. Nf3 Nf6 3. g3 g6 4. b3 Bg7 5. Bb2 d6 6. d4 O-O 7. Bg2 c6 8. O-O Na6
9. Nbd2 e5 10. dxe5 Nd7 11. Ba3 Nxe5 12. Nxe5 Bxe5 13. Qc2 Bxa1 14. Rxa1 Qe7
15. Rd1 Be6 16. Bb2 h6 17. Qc3 Kh7 18. b4 Rad8 19. Nf3 c5 20. a3 d5 21. cxd5
Bxd5 22. b5 Nc7 23. Qa5 Be4 24. Rc1 Ne6 25. Qxa7 Ra8 26. Qb6 Rfd8 27. Be5 Rd5
28. Bf4 g5 29. Be3 Rd6 30. Bxc5 Nxc5 31. Qxc5 Rd1+ 32. Bf1 Qxc5 33. Rxc5 Rxa3
0-1

[Event "World Open 2014"]
[Site "Arlington, VA"]
[Date "2014.07.04"]
[Round "4"]
[White "Perez, Yuniesky"]
[Black "Milman, Lev"]
[Result "1-0"]
[WhiteElo "2655"]
[BlackElo "2441"]
[PlyCount "161"]
[EventDate "2014.07.??"]
[EventType "swiss"]
[EventRounds "9"]
[EventCountry "USA"]

1. e4 c5 2. Nf3 d6 3. d4 cxd4 4. Nxd4 Nf6 5. Nc3 a6 6. Be3 e5 7. Nf3 Be7 8. Bc4
O-O 9. O-O Nc6 10. Bb3 Be6 11. Qe2 Na5 12. Rfd1 Qc7 13. Bg5 Rac8 14. Bxf6 Bxf6
15. Ne1 Nc4 16. Bxc4 Bxc4 17. Qf3 Be7 18. Nd5 Bxd5 19. Rxd5 g6 20. b3 f5 21. c4
Qc6 22. Rad1 b5 23. cxb5 axb5 24. exf5 Rxf5 25. Qe2 b4 26. f3 Rff8 27. Kh1 Ra8
28. R5d2 Qa6 29. Nd3 Qb7 30. Nf2 Rfc8 31. h3 Ra5 32. Qe4 Rc7 33. Qg4 Kg7 34.
Ne4 d5 35. Ng5 Bxg5 36. Qxg5 d4 37. f4 Qe4 38. fxe5 Qxe5 39. Qxe5+ Rxe5 40.
Rxd4 Re2 41. R1d2 Rc2 42. Rxe2 Rxe2 43. Rxb4 Rxa2 44. Rb7+ Kh6 45. Kh2 Rb2 46.
Kg3 Kg5 47. Rb5+ Kf6 48. Kf3 h5 49. g4 hxg4+ 50. hxg4 g5 51. Ke4 Re2+ 52. Kd3
Rg2 53. Rb4 Ke5 54. Rc4 Rg3+ 55. Kc2 Kd5 56. Kb2 Rf3 57. Ka3 Rf8 58. Kb4 Rb8+
59. Kc3 Rf8 60. Ra4 Rc8+ 61. Kd3 Ke5 62. Re4+ Kd5 63. b4 Rc1 64. Rd4+ Ke5 65.
Rc4 Rg1 66. Kc2 Rg3 67. b5 Kd5 68. Rb4 Rg2+ 69. Kd3 Rg3+ 70. Ke2 Ra3 71. b6
Ra2+ 72. Kd3 Ra3+ 73. Kc2 Ra8 74. b7 Rb8 75. Kd3 Kc5 76. Rb1 Kd5 77. Rb5+ Kc6
78. Kc4 Kd6 79. Rb1 Kc6 80. Kd4 Kd6 81. Ke4 1-0

[Event "World Open 2014"]
[Site "Arlington, VA"]
[Date "2014.07.04"]
[Round "4"]
[White "Barbosa, Oliver"]
[Black "Shetty, Atulya"]
[Result "1/2-1/2"]
[WhiteElo "2561"]
[BlackElo "2302"]
[PlyCount "79"]
[EventDate "2014.07.??"]
[EventType "swiss"]
[EventRounds "9"]
[EventCountry "USA"]

1. d4 d5 2. Bg5 c6 3. Nf3 Qb6 4. Qc1 Bf5 5. e3 Nd7 6. c4 Ngf6 7. Nc3 e6 8. c5
Qc7 9. Bf4 Qc8 10. b4 a6 11. Be2 Be7 12. O-O O-O 13. a4 Bg4 14. b5 axb5 15.
axb5 Rxa1 16. Qxa1 Bxf3 17. Bxf3 b6 18. cxb6 cxb5 19. Nxb5 Nxb6 20. Qa7 Nfd7
21. Nc7 Nc4 22. Rc1 Ba3 23. Ra1 Bd6 24. Bxd6 Nxd6 25. h4 g6 26. h5 Ne8 27. Rc1
Ndf6 28. hxg6 hxg6 29. g4 Nxc7 30. Rxc7 Qb8 31. Qc5 Qb1+ 32. Kg2 Ne4 33. Qc2
Qxc2 34. Rxc2 Nd6 35. Rc6 Rd8 36. g5 Kf8 37. Ra6 Ke7 38. Kg3 Rb8 39. Ra7+ Rb7
40. Rxb7+ 1/2-1/2

[Event "World Open 2014"]
[Site "Arlington, VA"]
[Date "2014.07.04"]
[Round "4"]
[White "Cheng, Bindi"]
[Black "Holt, Conrad"]
[Result "1/2-1/2"]
[WhiteElo "2410"]
[BlackElo "2554"]
[PlyCount "83"]
[EventDate "2014.07.??"]
[EventType "swiss"]
[EventRounds "9"]
[EventCountry "USA"]

1. Nf3 d5 2. g3 Nf6 3. Bg2 c6 4. O-O Nbd7 5. d4 g6 6. b3 Nb6 7. Bb2 Bg7 8. Nbd2
O-O 9. c4 Bf5 10. Rc1 Re8 11. Nh4 Be6 12. Nhf3 h6 13. e3 a5 14. a3 Nbd7 15. Qe2
Qb6 16. Bc3 Qa6 17. a4 dxc4 18. Nxc4 Nd5 19. Ba1 Nb4 20. Nfd2 c5 21. Rfd1 cxd4
22. Bxd4 Bxd4 23. exd4 Rac8 24. Bf1 Na2 25. Rc2 Nb4 26. Rcc1 Nf6 27. Ne4 Bd5
28. Nxf6+ Qxf6 29. Bg2 Red8 30. Bxd5 Rxd5 31. Qe4 Rcd8 32. Ne3 Rxd4 33. Rxd4
Rxd4 34. Qxb7 Kg7 35. Rf1 Nd3 36. Nc4 Qe6 37. Qa7 Rd5 38. Qe3 Qxe3 39. Nxe3 Rc5
40. Nc4 Nb4 41. Rd1 Nd5 42. Kf1 1/2-1/2

[Event "World Open 2014"]
[Site "Arlington, VA"]
[Date "2014.07.04"]
[Round "4"]
[White "Shmelov, Denys"]
[Black "Vidal, Yuri"]
[Result "1/2-1/2"]
[WhiteElo "2393"]
[BlackElo "2546"]
[PlyCount "53"]
[EventDate "2014.07.??"]
[EventType "swiss"]
[EventRounds "9"]
[EventCountry "USA"]

1. d4 Nf6 2. c4 e6 3. Nc3 Bb4 4. Qc2 d5 5. cxd5 exd5 6. Bg5 h6 7. Bh4 c5 8.
dxc5 g5 9. Bg3 Ne4 10. e3 Qa5 11. Be5 O-O 12. Bd3 Nc6 13. Bxe4 dxe4 14. Bd6 Re8
15. Nge2 Bxc5 16. Bxc5 Qxc5 17. a3 Bf5 18. O-O Rad8 19. Rad1 Ne5 20. Rxd8 Rxd8
21. Ng3 Bg6 22. Ngxe4 Qc6 23. f3 Nc4 24. Rd1 Rxd1+ 25. Qxd1 Bxe4 26. Nxe4 Qb6
27. Qc1 1/2-1/2

[Event "World Open 2014"]
[Site "Arlington, VA"]
[Date "2014.07.04"]
[Round "4"]
[White "Shabalov, Alexander"]
[Black "Hua, David"]
[Result "1-0"]
[WhiteElo "2501"]
[BlackElo "2272"]
[PlyCount "81"]
[EventDate "2014.07.??"]
[EventType "swiss"]
[EventRounds "9"]
[EventCountry "USA"]

1. e4 c5 2. Nf3 e6 3. b3 d6 4. Bb2 Nd7 5. g3 b6 6. d4 cxd4 7. Nxd4 Bb7 8. Bg2
a6 9. O-O Qc7 10. c4 Ngf6 11. Nc3 Be7 12. Qe2 O-O 13. g4 g6 14. Rad1 Rfe8 15.
Nc2 d5 16. exd5 exd5 17. g5 Nh5 18. Nxd5 Bxd5 19. Bxd5 Nf4 20. Qf3 Rad8 21. h4
Bf8 22. Ne3 Bg7 23. Bxf7+ Kxf7 24. Nd5 Qb8 25. Bxg7 Kxg7 26. Nxf4 Ne5 27. Qg3
Rxd1 28. Rxd1 Qb7 29. Nd5 b5 30. c5 Qc6 31. b4 a5 32. a3 axb4 33. axb4 Qb7 34.
f4 Nf7 35. h5 Rd8 36. h6+ Kf8 37. Qf3 Qc8 38. Kf2 Qf5 39. Ne3 Qe6 40. Rxd8+
Nxd8 41. Qd5 1-0

[Event "World Open 2014"]
[Site "Arlington, VA"]
[Date "2014.07.04"]
[Round "4"]
[White "Liang, Awonder"]
[Black "Shimanov, Alex"]
[Result "0-1"]
[WhiteElo "2211"]
[BlackElo "2644"]
[PlyCount "78"]
[EventDate "2014.07.??"]
[EventType "swiss"]
[EventRounds "9"]
[EventCountry "USA"]

1. e4 c6 2. d4 d5 3. Nc3 dxe4 4. Nxe4 Nd7 5. Ng5 Ngf6 6. Bd3 e6 7. N1f3 Bd6 8.
Qe2 h6 9. Ne4 Nxe4 10. Qxe4 Qc7 11. O-O b6 12. b3 Bb7 13. Bb2 c5 14. Qe2 cxd4
15. Bxd4 O-O 16. Be4 Bxe4 17. Qxe4 e5 18. Bb2 Nc5 19. Qg4 f5 20. Qc4+ Kh7 21.
h3 e4 22. Nd4 Qf7 23. Qxf7 Rxf7 24. Nb5 Bf8 25. a4 Rc8 26. Rfd1 Na6 27. Rd2 Nb4
28. Ba3 a6 29. Nd6 Bxd6 30. Rxd6 Nxc2 31. Rc1 f4 32. Re6 e3 33. fxe3 Rfc7 34.
Bb2 fxe3 35. Be5 Rf7 36. Bb2 Rc5 37. Rxb6 e2 38. Re6 Nd4 39. Rxc5 Rf1+ 0-1

[Event "World Open 2014"]
[Site "Arlington, VA"]
[Date "2014.07.04"]
[Round "4"]
[White "Paragua, Mark"]
[Black "Wang, Kevin"]
[Result "1-0"]
[WhiteElo "2506"]
[BlackElo "2335"]
[PlyCount "59"]
[EventDate "2014.07.??"]
[EventType "swiss"]
[EventRounds "9"]
[EventCountry "USA"]

1. d4 Nf6 2. Bg5 e6 3. e4 h6 4. Bxf6 Qxf6 5. c3 d6 6. Bd3 e5 7. Ne2 g6 8. O-O
Bg7 9. f4 Qe7 10. f5 O-O 11. fxg6 fxg6 12. Qb3+ Kh7 13. Rxf8 Qxf8 14. Na3 c6
15. Rf1 Qd8 16. Qf7 Nd7 17. Nc4 Nf8 18. dxe5 dxe5 19. Nxe5 Be6 20. Qxb7 Rb8 21.
Qxa7 Rxb2 22. Nf4 Bxa2 23. Nexg6 Nxg6 24. e5 Bb1 25. Ne6 Rxg2+ 26. Kxg2 Qd5+
27. Rf3 Qxe6 28. Bxb1 Qd5 29. Qf7 Qd2+ 30. Kh3 1-0

[Event "World Open 2014"]
[Site "Arlington, VA"]
[Date "2014.07.04"]
[Round "4"]
[White "Kannappan, Priyadharshan"]
[Black "Wheeler, Cameron"]
[Result "1-0"]
[WhiteElo "2443"]
[BlackElo "2242"]
[PlyCount "93"]
[EventDate "2014.07.??"]
[EventType "swiss"]
[EventRounds "9"]
[EventCountry "USA"]

1. d4 d5 2. Bf4 Nf6 3. e3 c6 4. c4 Bf5 5. Nc3 e6 6. Qb3 b6 7. Rc1 Bd6 8. Bg3
O-O 9. Be2 Bxg3 10. hxg3 Nbd7 11. Nf3 Qe7 12. Nh4 Be4 13. cxd5 Bxd5 14. Nxd5
cxd5 15. O-O Qd6 16. Rc2 Rac8 17. Rfc1 Rxc2 18. Qxc2 Ne4 19. Nf3 Rd8 20. Qc7
Qxc7 21. Rxc7 a5 22. Bb5 Nef6 23. Kf1 Kf8 24. Rb7 Rb8 25. Rxd7 Nxd7 26. Bxd7 b5
27. Ne5 Rb6 28. Nd3 Ke7 29. Nc5 a4 30. Ke2 Rd6 31. Bc8 Rc6 32. Ba6 Kd6 33. Kd3
Kc7 34. Kc3 Kb6 35. Kb4 Rxc5 36. dxc5+ Kxa6 37. c6 a3 38. bxa3 Kb6 39. c7 Kxc7
40. Kxb5 Kb7 41. g4 g5 42. g3 f5 43. f3 Ka7 44. Kc5 Ka6 45. gxf5 exf5 46. g4
fxg4 47. fxg4 1-0